| 000 | 00741nam a22002292 4500 | ||
|---|---|---|---|
| 001 | 0000019700 | ||
| 005 | 20151217145919.0 | ||
| 008 | 110120s xx 000 0 eng d | ||
| 020 | _a042185250X : | ||
| 040 |
_aKABU _cKABU |
||
| 100 | 1 |
_aKennedy, Baroness Helena. _@0000179594 |
|
| 245 | 1 | 0 |
_aLegal conundrums in our brave new world / _cHellena Kennedy. |
| 250 | _a1st ed. | ||
| 260 |
_aLondon : _bSweet & Maxwell, _c2004. |
||
| 300 | _axiii, 57p. | ||
| 650 | 0 |
_aRule of law _zGreat Britain. _@0000179595 |
|
| 650 | 0 |
_aDue process of law _zGreat Britain. _@0000179596 |
|
| 650 | 0 |
_aCivil rights _zGreat Britain. _@0000179597 |
|
| 852 | 1 | _9p2990 KES | |
| 908 | _a110120 | ||
| 950 | _@1 | ||
| 999 |
_c3998 _d3998 |
||